<?xml version="1.0" encoding="UTF-8"?><?xml-stylesheet type="text/xsl" href="static/style.xsl"?><OAI-PMH xmlns="http://www.openarchives.org/OAI/2.0/" xmlns:xsi="http://www.w3.org/2001/XMLSchema-instance" xsi:schemaLocation="http://www.openarchives.org/OAI/2.0/ http://www.openarchives.org/OAI/2.0/OAI-PMH.xsd"><responseDate>2026-04-13T05:17:56Z</responseDate><request verb="GetRecord" identifier="oai:www.recercat.cat:10459.1/63825" metadataPrefix="marc">https://recercat.cat/oai/request</request><GetRecord><record><header><identifier>oai:recercat.cat:10459.1/63825</identifier><datestamp>2024-12-05T21:26:31Z</datestamp><setSpec>com_2072_3622</setSpec><setSpec>col_2072_479130</setSpec></header><metadata><record xmlns="http://www.loc.gov/MARC21/slim" xmlns:dcterms="http://purl.org/dc/terms/" xmlns:xsi="http://www.w3.org/2001/XMLSchema-instance" xmlns:doc="http://www.lyncode.com/xoai" xsi:schemaLocation="http://www.loc.gov/MARC21/slim http://www.loc.gov/standards/marcxml/schema/MARC21slim.xsd">
   <leader>00925njm 22002777a 4500</leader>
   <datafield ind2=" " ind1=" " tag="042">
      <subfield code="a">dc</subfield>
   </datafield>
   <datafield ind2=" " ind1=" " tag="720">
      <subfield code="a">Villalba Mata, Daniel</subfield>
      <subfield code="e">author</subfield>
   </datafield>
   <datafield ind2=" " ind1=" " tag="260">
      <subfield code="c">2011-04-12T17:53:04Z</subfield>
   </datafield>
   <datafield ind2=" " ind1=" " tag="260">
      <subfield code="c">2009-04-06</subfield>
   </datafield>
   <datafield ind2=" " ind1=" " tag="260">
      <subfield code="c">2000-09-14</subfield>
   </datafield>
   <datafield ind2=" " ind1=" " tag="260">
      <subfield code="c">2009-04-06</subfield>
   </datafield>
   <datafield ind2=" " ind1=" " tag="520">
      <subfield code="a">En la presente Tesis se ha construido un modelo informático para la simulación&lt;br/>estocástica de rebaños de vacas nodrizas. El modelo ha sido validado con datos&lt;br/>reales y utilizado para la simulación de estrategias de manejo invernal en rebaños de&lt;br/>vacas nodrizas explotadas en las condiciones de montaña del Pirineo.&lt;br/>Para la construcción del modelo se ha descrito un submodelo de repartición de la&lt;br/>energía aportada por la dieta. Este submodelo ha sido utilizado para la estimación de&lt;br/>la energía neta para mantenimiento y de la variabilidad individual de dicho parámetro&lt;br/>en vacas de raza Parda Alpina. Para ello se utilizaron los datos individuales,&lt;br/>productivos y de manejo nutricional, de 34 vacas en lactación y 40 vacas en&lt;br/>gestación. El valor estimado para las necesidades de mantenimiento fue de 0.55 MJ&lt;br/>EN/kg PVV0.67 y mostró una gran variabilidad entre individuos (la varianza del&lt;br/>parámetro fue 0.015).&lt;br/>Utilizando un modelo lineal con coeficientes aleatorios, se analizaron los pesos de&lt;br/>318 terneros (4476 registros de peso) de raza Parda Alpina y Pirenaica, con el fin de&lt;br/>estimar las pautas de crecimiento y variabilidad individual de los parámetros que&lt;br/>definen las curvas de crecimiento predestete. El crecimiento de los terneros se puede&lt;br/>describir con una aproximación cuadrática (se comprobó que la utilización de una&lt;br/>aproximación lineal para la obtención de pesos estandarizados puede conducir a&lt;br/>sesgos importantes). Existe, por otro lado, una gran variabilidad individual en los&lt;br/>pesos predestete de los terneros, que el modelo tiene en cuenta con un peso al&lt;br/>nacimiento y una ganancia media diaria variables entre animales. La variabilidad&lt;br/>estimada es suficiente como para considerar su utilización en un modelo estocástico.&lt;br/>Las estimas sobre la variabilidad de la energía de mantenimiento de las vacas&lt;br/>adultas, del peso al nacimimento y de la ganancia diaria de los terneros, fueron&lt;br/>utilizadas en un modelo estocástico de simulación de lotes de animales sometidos a&lt;br/>un manejo nutricional y reproductivo concreto. Dicho modelo fue validado utilizando&lt;br/>los resultados productivos de 10 lotes de entre 12 y 17 vacas. La validación del&lt;br/>modelo propuesto permite afirmar su adecuación a la hora de simular la media y la&lt;br/>variabilidad de la respuesta productiva a lo largo de un periodo de tiempo largo de un&lt;br/>lote de vacas y terneros con alimentación restringida.</subfield>
   </datafield>
   <datafield ind2=" " ind1=" " tag="520">
      <subfield code="a">A computer model was developed in order to make stochastic simulation of suckler&lt;br/>cows herds. The model has been validated using actual data and was used for&lt;br/>simulation of winter management strategies of suckler cow herds in mountain&lt;br/>conditions.&lt;br/>A submodel for the diet energy distribution has been described as a part of the model.&lt;br/>This submodel has been used for estimating the net energy for maintenance and the&lt;br/>individual variability of that parameter in Parda Alpina cows. Productive and nutritional&lt;br/>management individual data from 34 lactating and 40 pregnant cows have been used.&lt;br/>The maintenance requirements estimated value was 0.55 MJ NE/kg EBW0.67 and it&lt;br/>showed a high variability between animals.&lt;br/>Data from 318 Parda Alpina and Pirenaica calves (4476 weight records) were&lt;br/>analysed using a lineal model with random coefficients in order to estimate the growth&lt;br/>pattern and the individual variability of the preweaning curve parameters. Preweaning&lt;br/>calf growth could be described using a quadratic approximation and the use of a&lt;br/>lineal approximation for obtaining corrected weight can lead to important biases.&lt;br/>There is, in addition, a very high individual variability in calves preweaning weights. It&lt;br/>was introduced in the model allowing a between animal variable birth weight and&lt;br/>average daily gain. The estimated variability was enough to take it into account in a&lt;br/>stochastic model.&lt;br/>Variability estimations of adult cows maintenance requirements, birth weight and&lt;br/>average daily gain, were used in a stochastical model for complex animal groups&lt;br/>simulation under a certain nutritional and reproductive management. The model was&lt;br/>validated using actual productive performance from 10 groups of animals(between 12&lt;br/>to 17 cows per group). Validation of the proposed model confirm that it is useful for&lt;br/>simulating the mean and variance of long term productive response of a cows and&lt;br/>calves group under a restricted alimentation.&lt;br/>Finally, the model was used for simulating the effect of some winter subnutrition&lt;br/>strategies in cows calving either in spring or autumn. In the conditions of simulation,&lt;br/>autumn calving cows showed the possibility of subnutrition during postpartum period.&lt;br/>On the other side, results from spring calving cows showed that winter subnutrition in&lt;br/>that case are limited.</subfield>
   </datafield>
   <datafield ind1="8" ind2=" " tag="024">
      <subfield code="a">http://hdl.handle.net/10459.1/63825</subfield>
   </datafield>
   <datafield tag="653" ind2=" " ind1=" ">
      <subfield code="a">nutrició</subfield>
   </datafield>
   <datafield tag="653" ind2=" " ind1=" ">
      <subfield code="a">bestiar boví</subfield>
   </datafield>
   <datafield tag="653" ind2=" " ind1=" ">
      <subfield code="a">cria i desenvolupament</subfield>
   </datafield>
   <datafield tag="653" ind2=" " ind1=" ">
      <subfield code="a">alimentació</subfield>
   </datafield>
   <datafield tag="653" ind2=" " ind1=" ">
      <subfield code="a">vaques</subfield>
   </datafield>
   <datafield tag="653" ind2=" " ind1=" ">
      <subfield code="a">Producción animal</subfield>
   </datafield>
   <datafield tag="653" ind2=" " ind1=" ">
      <subfield code="a">636</subfield>
   </datafield>
   <datafield tag="653" ind2=" " ind1=" ">
      <subfield code="a">663/664</subfield>
   </datafield>
   <datafield ind2="0" ind1="0" tag="245">
      <subfield code="a">Construcción y utilización de un modelo estocástico para la simulación de estrategias de manejo invernal en rebaños de vacas nodrizas</subfield>
   </datafield>
</record></metadata></record></GetRecord></OAI-PMH>